000 00704nam a2200205Ia 4500
003 GCL
008 140319s9999 xx 000 0 ara d
040 _aGCL /
_cGCL
082 0 4 _a811.008
_bب د
100 1 _aالباخرزى , ابوعلى الحسن بن ابى
245 1 0 _aدمية القصر وعصرة اهل العصر /
_cالباخرزى , ابوعلى الحسن بن ابى
700 1 _aمحمد التونجى
260 _a[S.N] :
_bدار الجيل ،
_c1993
490 _a
650 0 4 _aالشعر العربى
650 0 4 _aالنثر العربى
650 0 4 _aالقصائد والدواوين
650 0 4 _aالدولة العباسية الثانية
942 _2ddc
_cBK
999 _c50856
_d50856